000 01101nmm a2200433 a 4500
003 AR-BaBNM
005 20251128203023.0
008 197019s1986 ||||||||||||||000 | spa||
020 _a84-7090-005-6
040 _cAR-BaBNM
100 1 _aKinder, Hermann
245 1 0 _aAtlas histórico mundial
_bde los orígenes a la revolución francesa. 1
250 _a13ª ed.
260 _aMadrid
_bIstmo
_c1986
300 _a311 p.
_bmapas
500 _aBuena cartografía en toda la obra
650 4 _aHISTORIA MEDIEVAL
650 4 _aHISTORIA ANTIGUA
650 4 _aCIVILIZACION
650 4 _aREVOLUCION
650 4 _aARTE
650 4 _aREFORMA
650 4 _aGUERRA
650 4 _aISLAM
650 4 _aRELIGION
650 4 _aCAMBIO SOCIAL
650 4 _aEXPANSION
651 4 _aItalia
651 4 _aGrecia
651 4 _aFrancia
651 4 _aEgipto
651 4 _aPaíses del Este
653 _aABSOLUTISMO
700 1 _aHilgemann, Werner
700 1 _aAlvarez, Carlos Martín
_etraductor
700 1 _aArenas, Antón Dieterich
_etraductor
942 _cBK
998 _cMariana
999 _c1551
_d1551